000 01021cam a22003377a 4500
003 CHAP
005 20220817041129.0
008 971013s1990 r 00010 d
010 _a7066
011 _a8038
035 _a7263
040 _cCHAP
082 _a080
_bL6 v.32
100 0 0 _aHall, Edward T.
_952312
245 1 3 _aEl lenguaje silencioso
260 _aMéxico, D.F. :
_bAlianza Editorial Mexicana,
_c1990
300 _a231 p.
490 4 _aLos noventa
_v; 32
500 _a64-32
590 _aBATCH-UPD
_b10
_c20130110
_lUCH01
_h1814
590 _aBATCH-UPD
_b10
_c20130410
_lUCH01
_h1148
590 _aBATCH-UPD
_b10
_c20130914
_lUCH01
_h1035
590 _aCONVERSION
_b10
_c20130109
_lUCH01
_h1305
650 1 4 _aLenguaje.
650 1 4 _aPsicología social.
_992616
710 0 _aConsejo Nacional para la Cultura y las Artes. México.
_927328
830 4 _aLos noventa
_v; 32
_968574
901 _aBK
942 _cLIBRO
949 _a080 L6 v.32
_bBC
_cLIBRO
_d33724000306213
_eLIBRO
_h82775
_i7263
_mDir
_si
_t25.00
999 _c7066
_d7066